Statistics for Countries with the largest amount of USA people living outside US

Click here to take the quiz!

General Stats

  • This quiz has been taken 40 times
    (23 since last reset)
  • The average score is 11 of 14

Answer Stats

PopAnswer% Correct
577621Canada
100%
324000Germany
100%
100000France
100%
812012Mexico
95%
157856UK
95%
71493China
95%
56276Australia
95%
129224South Korea
86%
70000Brazil
86%
60111India
81%
60125Colombia
62%
311000Philippines
48%
200000Israel
48%
130000Costa Rica
38%

Score Distribution

Percentile by Number Answered

Percent of People with Each Score

Your Score History

You have not taken this quiz since the last reset